[Event "Match"]
[Site "www.echecsemail.com"]
[Date "2016.12.08"]
[Round "1"]
[White "Orae"]
[Black "Whitekknight"]
[WhiteElo "1710"]
[BlackElo "1970"]
[Result "1-0"]
[Round "1"]
1.e4 e5
2.Bf1c4 Ng8f6
3.c3 Nb8c6
4.d3 h6
5.b4 a6
6.Bc1e3 Bf8e7
7.Bc4xf7 Kxf7
8.Qd1b3 Kf8
9.Ng1f3 g5
10.Be3xg5 hxg5
11.Nf3xg5 Qd8e8
12.Nb1d2 Qe8g6
13.Nd2f3 Rh8h5
14.h4 Nf6g4
15.Nf3h2 Rh5xh4
16.Ng5f3 Rh4h6
17.Ke2 Qg6h5
18.Nh2xg4 Qh5xg4
19.Rh1xh6 Be7xb4
20.Rh6f6 Kg7
21.Qb3f7 { resign }
1-0

[Event "Match"]
[Site "www.echecsemail.com"]
[Date "2016.12.08"]
[Round "1"]
[White "Calponas"]
[Black "Tonino1"]
[WhiteElo "1990"]
[BlackElo "2030"]
[Result "1-0"]
[Round "1"]
1.d4 Ng8f6
2.c4 g6
3.Nb1c3 Bf8g7
4.e4 d6
5.Bf1e2 O-O
6.Bc1g5 c6
7.f4 Qd8c7
8.Ng1f3 e5
9.O-O a5
10.Kh1 Nb8d7
11.Ra1c1 Nf6g4
12.Qd1d3 f6
13.Bg5h4 exd4
14.Nf3xd4 Nd7c5
15.Qd3g3 Ng4h6
16.Qg3e3 Rf8e8
17.Be2f3 Nh6f5
18.Nd4xf5 Bc8xf5
19.Qe3d4 Bf5e6
20.Bh4xf6 Bg7h6
21.g3 Nc5d7
22.Bf6h4 c5
23.Nc3b5 Qc7b6
24.Qd4xd6 Bh6f8
25.Qd6xb6 Nd7xb6
26.b3 Ra8c8
27.Rc1d1 Bf8e7
28.Bh4xe7 Re8xe7
29.Rd1d6 Nb6d7
30.e5 b6
31.Rf1d1 Kf8
32.Bf3b7 Rc8b8
33.Bb7c6 Kf7
34.Bc6xd7 Be6xd7
35.Rd6xd7 { resign }
1-0

[Event "Match"]
[Site "www.echecsemail.com"]
[Date "2016.12.08"]
[Round "1"]
[White "Coraza8091"]
[Black "Pellix84"]
[WhiteElo "1490"]
[BlackElo "1970"]
[Result "0-1"]
[Round "1"]
1.e4 c5
2.Bf1c4 e6
3.d4 cxd4
4.Qd1xd4 Nb8c6
5.Qd4d1 Bf8c5
6.Ng1f3 Qd8b6
7.O-O Ng8e7
8.Nf3g5 Qb6b4
9.Bc4d3 Nc6e5
10.c3 Qb4b6
11.Bc1f4 Ne7g6
12.Bf4g3 Qb6xb2
13.Nb1d2 Ne5xd3
14.Qd1b1 Qb2xd2
15.Ng5f3 Qd2xc3
16.Rf1d1 Ng6e5
17.Bg3xe5 Nd3xe5
18.Rd1c1 Ne5xf3
19.gxf3 Qc3d4
20.Rc1f1 b6
21.Qb1e1 Bc8a6
22.Ra1d1 Qd4f6
23.Qe1d2 Qf6g6
24.Kh1 O-O
25.Rf1g1 Qg6h5
26.Rg1g3 Ra8d8
27.Rd1g1 g6
28.Rg3g4 d5
29.e5 Qh5xe5
30.Rg4h4 Qe5e2
31.Qd2h6 Qe2xf3
32.Rg1g2 Rf8e8
33.Rh4h3 Qf3f6
34.Qh6xh7 Kf8
35.Qh7h6 Ke7
36.Qh6d2 d4
37.a4 d3
38.Kg1 Qf6a1
{ resign }
0-1

[Event "Match"]
[Site "www.echecsemail.com"]
[Date "2016.12.08"]
[Round "1"]
[White "Huw"]
[Black "Osmundw"]
[WhiteElo "2220"]
[BlackElo "1430"]
[Result "1-0"]
[Round "1"]
1.d4 d6
2.c4 c5
3.d5 e5
4.Nb1c3 Ng8f6
5.e4 Bc8g4
6.Bf1e2 Nb8d7
7.Be2xg4 Nd7b6
8.Bg4e2 g5
9.Bc1xg5 Nb6xc4
10.Be2xc4 Bf8h6
11.Bg5xh6 Rh8g8
12.g3 Rg8g6
13.Bh6d2 Nf6g4
14.h3 Ng4xf2
15.Kxf2 Qd8f6
16.Qd1f3 Qf6xf3
17.Ng1xf3 Rg6e6
18.dxe6 fxe6
19.Bc4xe6 Ra8d8
20.Bd2g5 Rd8d7
21.Nc3d5 Rd7g7
22.Bg5h4 Rg7g6
23.Nd5c7 Kf8
24.Be6f5 Rg6g7
25.Nc7e6 Kf7
26.Rh1d1 h6
27.Rd1xd6 Rg7g5
28.Rd6d8 Rg5xf5
29.exf5 { resign }
1-0

[Event "Match"]
[Site "www.echecsemail.com"]
[Date "2016.12.08"]
[Round "1"]
[White "Coraza"]
[Black "Calponas"]
[WhiteElo "1830"]
[BlackElo "1990"]
[Result "0-1"]
[Round "1"]
1.e4 c5
2.Ng1f3 d6
3.Bf1c4 e6
4.O-O Ng8f6
5.Nb1c3 Bf8e7
6.d4 cxd4
7.Qd1xd4 Nb8c6
8.Qd4d1 O-O
9.e5 dxe5
10.Qd1e2 Nc6d4
11.Nf3xd4 exd4
12.Rf1d1 b5
13.Bc4xb5 Qd8b6
14.Nc3a4 Qb6b8
15.Rd1xd4 Bc8b7
16.Bb5d3 Bb7c6
17.Na4c3 Qb8b7
18.f3 Be7c5
19.Bc1e3 Bc5xd4
20.Be3xd4 Qb7e7
21.Qe2f2 Rf8d8
22.Bd4c5 Qe7b7
23.b3 Nf6d5
24.Nc3e2 Nd5b4
25.Bc5xb4 Qb7xb4
26.a3 Qb4b6
27.Kf1 Qb6xf2
28.Kxf2 g6
29.a4 a5
30.Bd3e4 Bc6xe4
31.fxe4 Rd8d2
32.c4 Ra8b8
33.Ke3 Rd2b2
34.Kf3 Rb8xb3
35.Kf2 Rb3b4
36.Kf3 Rb4xc4
37.Ne2c1 Rc4c2
38.Nc1d3 Rb2b3
39.Ra1d1 Rc2c3
40.Ke2 Kg7
41.g4 Kf6
42.e5 Kg5
43.h3 h5
44.gxh5 Kxh5
45.Nd3f4 Kg5
46.Nf4g2 Rb3b2
47.Kf1 Rc3f3
48.Kg1 Rf3g3
49.h4 Kh6
50.Rd1f1 Rg3xg2
{ resign }
0-1

[Event "Match"]
[Site "www.echecsemail.com"]
[Date "2016.12.08"]
[Round "1"]
[White "Jobeye"]
[Black "Pinehill"]
[WhiteElo "2149"]
[BlackElo "2050"]
[Result "1-0"]
[Round "1"]
1.f4 Ng8f6
2.Nb1c3 c6
3.e4 d5
4.e5 Bc8g4
5.Ng1f3 Nf6e4
6.Bf1e2 f5
7.exf6 Ne4xf6
8.Nf3e5 Bg4xe2
9.Qd1xe2 e6
10.g4 Nb8d7
11.g5 Nd7xe5
12.gxf6 Qd8xf6
13.fxe5 Qf6h4
14.Kd1 O-O-O
15.d3 Bf8e7
16.Bc1e3 c5
17.Be3f2 Qh4h6
18.h4 Rh8f8
19.Bf2e3 Qh6g6
20.Nc3b5 a6
21.Nb5d6 Be7xd6
22.exd6 Rd8xd6
23.Be3xc5 { resign }
1-0

[Event "Fast Game"]
[Site "www.echecsemail.com"]
[Date "2016.12.08"]
[Round "1"]
[White "Attatroll"]
[Black "Stevep84"]
[WhiteElo "1860"]
[BlackElo "1980"]
[Result "1/2-1/2"]
[Round "1"]
1.e4 c6
2.Ng1f3 d5
3.exd5 cxd5
4.Nf3e5 Ng8f6
5.d4 Nb8d7
6.Bf1b5 a6
7.Bb5a4 b5
8.Ba4b3 Qd8c7
9.Bc1f4 Qc7a5
10.c3 e6
11.O-O Bf8e7
12.Ne5c6 Qa5b6
13.Nc6xe7 Kxe7
14.Nb1d2 Rh8e8
15.Rf1e1 Kf8
16.Nd2f3 Bc8b7
17.Nf3e5 Nd7xe5
18.Bf4xe5 Nf6d7
19.Qd1g4 Nd7xe5
20.Re1xe5 Qb6d8
21.h3 Qd8f6
22.Ra1e1 g6
23.Re1e3 Qf6g7
24.Re3f3 Bb7c8
25.a4 Kg8
26.h4 f6
27.Re5e1 f5
28.Qg4g5 Kf7
29.h5 Qg7f6
30.Qg5h6 Qf6g7
31.hxg6 hxg6
32.Qh6f4 Re8h8
33.Qf4c7 Kf6
34.Qc7e5 Kf7
35.Qe5c7 Kf6
36.Qc7c6 Bc8d7
37.Qc6d6 Qg7e7
38.Qd6e5 Kf7
39.Bb3xd5 Ra8f8
40.axb5 axb5
41.Bd5b3 Rf8e8
42.g4 Bd7c6
43.d5 Bc6xd5
44.Bb3xd5 Qe7h4
45.Bd5xe6 Kf8
46.Rf3xf5 gxf5
47.Qe5xf5 Kg7
48.Qf5f7 Kh6
49.Qf7f5 Kg7
50.Qf5f7 Kh6
51.Qf7f5 { draw }
1/2-1/2

[Event "Fast Game"]
[Site "www.echecsemail.com"]
[Date "2016.12.08"]
[Round "1"]
[White "Attatroll"]
[Black "Jobeye"]
[WhiteElo "1850"]
[BlackElo "1729"]
[Result "1/2-1/2"]
[Round "1"]
1.e4 c5
2.d4 cxd4
3.c3 e5
4.Ng1f3 dxc3
5.Nb1xc3 Nb8c6
6.Bf1c4 Bf8c5
7.O-O Nc6d4
8.Nf3xe5 Nd4e6
9.Qd1h5 g6
10.Qh5f3 f6
11.Ne5d3 Ne6d4
12.Qf3g3 Bc5b4
13.Nc3d5 Nd4e2
14.Kh1 Ne2xg3
15.fxg3 Bb4e7
16.Bc1f4 d6
17.Ra1c1 a6
18.Bc4b3 Kf8
19.Rc1c7 g5
20.Bf4xg5 Bc8e6
21.Nd3f4 Be6xd5
22.Bb3xd5 Qd8e8
23.Rc7xb7 Kg7
24.Nf4e6 Kg6
25.Bg5d2 Ra8c8
26.Ne6f4 Kh6
27.Nf4e6 Kg6
28.Ne6f4 Kh6
29.Nf4e6 { draw }
1/2-1/2

[Event "Tourn. n9087"]
[Site "www.chess-mail.com"]
[Date "2016.12.09"]
[Round "1"]
[White "Norlavuaram"]
[Black "Karousek"]
[WhiteElo "2230"]
[BlackElo "2160"]
[Result "1-0"]
[Round "1"]
1.e4 c5
2.Ng1f3 d6
3.d4 cxd4
4.Nf3xd4 Ng8f6
5.Nb1c3 a6
6.Bf1e2 e5
7.Nd4f3 Bf8e7
8.O-O h6
9.h3 Bc8e6
10.Bc1e3 O-O
11.Qd1d2 Qd8c7
12.Rf1d1 Nb8d7
13.Ra1c1 b5
14.Nc3d5 Be6xd5
15.exd5 Nd7b6
16.Be3xb6 Qc7xb6
17.b3 Ra8c8
18.c4 Nf6d7
19.Be2f1 f5
20.Nf3e1 Be7g5
21.Qd2e2 Bg5xc1
22.Rd1xc1 bxc4
23.bxc4 Nd7c5
24.Ne1f3 Rc8b8
25.Kh2 Qb6b2
26.Rc1c2 Qb2b4
27.g3 Nc5e4
28.Nf3h4 Qb4c5
29.Bf1g2 Ne4g5
30.Qe2h5 Rf8f6
31.f4 exf4
32.gxf4 Ng5h7
33.Nh4g6 Rb8b1
34.Rc2e2 Qc5xc4
35.Re2e8 Nh7f8
36.Ng6xf8 Rf6xf8
37.Re8xf8 { resign }
1-0

[Event "Tourn. n9005"]
[Site "www.chess-mail.com"]
[Date "2016.12.09"]
[Round "1"]
[White "Sportuga"]
[Black "Darko10"]
[WhiteElo "2270"]
[BlackElo "2640"]
[Result "0-1"]
[Round "1"]
1.d4 Ng8f6
2.c4 e6
3.Ng1f3 d5
4.g3 Bf8e7
5.Qd1c2 O-O
6.Nb1d2 b6
7.Bf1g2 c5
8.dxc5 bxc5
9.O-O Nb8c6
10.a3 Ra8b8
11.b3 Qd8b6
12.e3 Rf8d8
13.Rf1e1 Nf6g4
14.Bc1b2 d4
15.exd4 Nc6xd4
16.Nf3xd4 cxd4
17.Qc2e4 h5
18.Qe4d3 a5
19.h3 Ng4e3
20.Bg2e4 f5
21.Be4f3 h4
22.g4 Bc8b7
23.Ra1b1 Be7g5
24.c5 Qb6xc5
25.Bf3xb7 Rb8xb7
26.fxe3 dxe3
27.Qd3c4 Qc5d6
28.Nd2f1 Qd6b6
29.Re1e2 f4
30.Nf1h2 Qb6xb3
31.Qc4xb3 Rb7xb3
32.Rb1e1 Bg5f6
{ resign }
0-1

[Event "Tourn. n9057"]
[Site "www.chess-mail.com"]
[Date "2016.12.09"]
[Round "1"]
[White "Orhany24"]
[Black "Romaamor69"]
[WhiteElo "2220"]
[BlackElo "2420"]
[Result "0-1"]
[Round "1"]
1.d4 e6
2.e4 d5
3.exd5 exd5
4.Ng1f3 Ng8f6
5.Bf1d3 Bf8d6
6.O-O O-O
7.h3 Rf8e8
8.c4 dxc4
9.Bd3xc4 Nb8d7
10.Nb1c3 Nd7b6
11.Bc4b3 h6
12.Bc1e3 Bc8e6
13.d5 Nb6xd5
14.Nc3xd5 Nf6xd5
15.Rf1e1 Nd5xe3
16.Re1xe3 Bd6f4
17.Re3d3 Qd8f6
18.Bb3xe6 Re8xe6
19.Qd1b3 Re6b6
20.Qb3c4 Qf6xb2
21.Ra1d1 Bf4d6
22.Nf3h4 Rb6b4
{ resign }
0-1

[Event "Tourn. n9032"]
[Site "www.chess-mail.com"]
[Date "2016.12.09"]
[Round "1"]
[White "Seger"]
[Black "Conde7"]
[WhiteElo "2790"]
[BlackElo "2890"]
[Result "1/2-1/2"]
[Round "1"]
1.c4 Ng8f6
2.d4 e6
3.Bc1g5 h6
4.Bg5h4 Bf8b4
5.Nb1c3 c5
6.e3 Qd8a5
7.Ra1c1 cxd4
8.exd4 Nf6e4
9.Qd1c2 d5
10.cxd5 exd5
11.f3 Ne4xc3
12.bxc3 Bb4d6
13.Bh4g3 Qa5c7
14.Bf1b5 Nb8c6
15.Ng1e2 O-O
16.O-O Nc6a5
17.Bg3xd6 Qc7xd6
18.Qc2a4 Na5c6
19.g3 g5
20.Rf1f2 Bc8h3
21.Bb5d3 Ra8e8
22.Qa4c2 Bh3d7
23.f4 Nc6a5
24.fxg5 hxg5
25.h4 Re8e3
26.hxg5 Re3xg3
{ draw }
1/2-1/2

[Event "Tourn. n9096"]
[Site "www.chess-mail.com"]
[Date "2016.12.09"]
[Round "1"]
[White "Urbe69"]
[Black "Caspito"]
[WhiteElo "1729"]
[BlackElo "1840"]
[Result "1-0"]
[Round "1"]
1.d4 g6
2.g3 Ng8f6
3.Ng1f3 Bf8g7
4.Bf1g2 c6
5.O-O d6
6.c4 O-O
7.Nb1c3 Bc8g4
8.h3 Bg4e6
9.Qd1b3 b6
10.e4 b5
11.d5 Be6c8
12.cxb5 c5
13.e5 dxe5
14.Nf3xe5 Bc8b7
15.Ne5c6 Nb8xc6
16.dxc6 Bb7xc6
17.bxc6 Ra8b8
18.Qb3c2 Qd8c7
19.Bc1e3 Qc7e5
20.Be3f4 Qe5d4
21.Bf4xb8 Rf8xb8
22.c7 Rb8c8
23.Bg2b7 Rc8xc7
24.Nc3b5 Qd4d7
25.Nb5xc7 Qd7xc7
26.Bb7g2 Nf6d7
27.Ra1c1 { resign }
1-0

[Event "Tourn. n9098"]
[Site "www.chess-mail.com"]
[Date "2016.12.09"]
[Round "1"]
[White "Norlavuaram"]
[Black "Mitja"]
[WhiteElo "2230"]
[BlackElo "2000"]
[Result "1-0"]
[Round "1"]
1.e4 d5
2.exd5 Qd8xd5
3.Nb1c3 Qd5e6
4.Qd1e2 Qe6xe2
5.Bf1xe2 e6
6.Ng1f3 c6
7.O-O Bf8e7
8.d4 h6
9.Bc1f4 Nb8d7
10.Nc3e4 Ng8f6
11.Ne4d6 Be7xd6
12.Bf4xd6 Nf6d5
13.c4 Nd5f6
14.Rf1e1 Nd7b6
15.Ra1d1 Bc8d7
16.Nf3e5 Nb6c8
17.Bd6b4 Nc8b6
18.b3 Bd7c8
19.Be2f3 Nf6d7
20.d5 Nd7xe5
21.Re1xe5 cxd5
22.cxd5 Bc8d7
23.dxe6 fxe6
24.Bf3xb7 Ra8b8
25.Bb7e4 g5
26.Be4g6 Kd8
27.Re5xe6 Kc7
28.Re6e1 Rb8c8
29.Bb4d6 Kb7
30.Bg6e4 Bd7c6
31.Be4f5 Bc6d7
32.Re1e7 Kc6
33.Bf5e4 Kb5
34.Re7e5 Ka6
35.Bd6b4 Rh8d8
36.Re5a5 
1-0

[Event "Tourn. n9051"]
[Site "www.chess-mail.com"]
[Date "2016.12.09"]
[Round "1"]
[White "Norlavuaram"]
[Black "Hundegana"]
[WhiteElo "2240"]
[BlackElo "2000"]
[Result "1-0"]
[Round "1"]
1.e4 c5
2.Ng1f3 g6
3.c4 Bf8g7
4.Bf1e2 Nb8c6
5.Nb1c3 Bg7xc3
6.bxc3 f6
7.d4 cxd4
8.cxd4 h5
9.O-O e6
10.Bc1b2 Nc6e7
11.d5 e5
12.Ra1c1 b6
13.Bb2a3 Bc8b7
14.c5 Ra8c8
15.Qd1a4 Rc8a8
16.Rf1d1 bxc5
17.Ba3xc5 Rh8h7
18.Bc5b4 Kf7
19.Be2c4 Kg7
20.Bc4b5 d6
21.Bb4a5 Qd8f8
22.Rc1c7 Ra8b8
23.Rd1c1 a6
24.Bb5d7 Kh8
25.Bd7e6 Ng8h6
26.Ba5b4 Ne7g8
27.h3 Rh7xc7
28.Rc1xc7 Qf8d8
29.Bb4a5 Qd8f8
30.Qa4d7 Qf8e7
31.Qd7xe7 Ng8xe7
32.Rc7xe7 Bb7a8
33.Nf3h4 g5
34.Nh4g6 
1-0

[Event "Tourn. n9108"]
[Site "www.chess-mail.com"]
[Date "2016.12.09"]
[Round "1"]
[White "Jobeye"]
[Black "Norlavuaram"]
[WhiteElo "2269"]
[BlackElo "2150"]
[Result "1/2-1/2"]
[Round "1"]
1.b3 Ng8f6
2.Bc1b2 g6
3.e4 d6
4.Qd1f3 Bf8g7
5.e5 dxe5
6.Bb2xe5 Nb8d7
7.Bf1b5 O-O
8.Bb5xd7 Qd8xd7
9.Nb1c3 c6
10.O-O-O Qd7g4
11.Be5xf6 Bg7xf6
12.Qf3xg4 Bc8xg4
13.f3 Bg4e6
14.Nc3e4 Bf6g7
15.Ne4c5 Be6c8
{ draw }
1/2-1/2

[Event "Match"]
[Site "www.echecsemail.com"]
[Date "2016.12.09"]
[Round "1"]
[White "Ranjachess"]
[Black "Rindrandria"]
[WhiteElo "1670"]
[BlackElo "1760"]
[Result "0-1"]
[Round "1"]
1.d4 Nb8c6
2.e3 a6
3.b3 d5
4.Nb1c3 Bc8f5
5.Qd1f3 g6
6.Nc3xd5 h5
7.c4 e6
8.Nd5f4 Nc6xd4
9.exd4 Qd8xd4
10.Qf3xb7 Bf5e4
11.Ng1e2 Qd4xa1
12.Qb7xe4 Bf8b4
13.Kd1 Ra8d8
14.Nf4d3 Ng8f6
15.Qe4e3 Nf6g4
16.Qe3f3 Rd8xd3
17.Qf3xd3 Ng4xf2
18.Kc2 Qa1xa2
19.Bc1b2 Nf2xd3
20.Kxd3 Qa2xb2
21.Ne2d4 Qb2d2
22.Ke4 f5
23.Ke5 Bb4d6
24.Kxe6 Qd2xd4
25.c5 Qd4e5

0-1

[Event "Match"]
[Site "www.echecsemail.com"]
[Date "2016.12.09"]
[Round "1"]
[White "Manuelito"]
[Black "Mancini"]
[WhiteElo "1720"]
[BlackElo "1799"]
[Result "0-1"]
[Round "1"]
1.d4 Ng8f6
2.e3 g6
3.Ng1f3 Bf8g7
4.Bf1e2 O-O
5.O-O d6
6.c4 Nb8d7
7.Nb1c3 e5
8.dxe5 dxe5
9.b3 c6
10.Bc1b2 Rf8e8
11.e4 Qd8c7
12.Qd1c2 Nd7f8
13.Rf1e1 Bc8g4
14.Ra1c1 Ra8d8
15.h3 Bg4c8
16.Be2f1 Nf8e6
17.Rc1d1 Ne6d4
18.Nf3xd4 exd4
19.Nc3e2 c5
20.Ne2xd4 cxd4
21.Bb2xd4 Rd8xd4
22.Rd1xd4 Nf6g4
23.hxg4 Bg7xd4
24.Qc2e2 Qc7f4
25.g3 Qf4xg3
26.Bf1g2 Bc8xg4
27.Qe2f1 Bg4f3
28.a3 Re8e5
29.a4 Re5h5
{ resign }
0-1

[Event "Match"]
[Site "www.echecsemail.com"]
[Date "2016.12.09"]
[Round "1"]
[White "Godrad"]
[Black "Yangqi"]
[WhiteElo "2020"]
[BlackElo "2700"]
[Result "0-1"]
[Round "1"]
1.Ng1f3 f5
2.d3 Ng8f6
3.e4 d6
4.exf5 Bc8xf5
5.d4 Qd8d7
6.Bf1d3 Nb8c6
7.O-O O-O-O
8.Bd3b5 a6
9.Bb5a4 b5
10.d5 Nf6xd5
11.Ba4xb5 axb5
12.Qd1xd5 e5
13.a4 b4
14.a5 Bf5e6
15.Qd5b5 Nc6d4
16.Nf3xd4 exd4
17.Qb5xb4 c5
18.Qb4a3 Be6c4
19.Rf1e1 { time. }
0-1

[Event "Match"]
[Site "www.echecsemail.com"]
[Date "2016.12.09"]
[Round "1"]
[White "Irene"]
[Black "Coraza"]
[WhiteElo "2040"]
[BlackElo "1810"]
[Result "1-0"]
[Round "1"]
1.d4 e6
2.e4 Ng8f6
3.e5 Nf6d5
4.c4 Bf8b4
5.Bc1d2 Bb4xd2
6.Nb1xd2 O-O
7.cxd5 exd5
8.Ng1f3 Rf8e8
9.Bf1d3 d6
10.O-O Bc8g4
11.Qd1c2 Nb8c6
12.Bd3xh7 Kf8
13.Bh7f5 Bg4xf5
14.Qc2xf5 Nc6e7
15.Qf5h5 Ne7g6
16.Ra1c1 c6
17.Rc1c3 Ng6f4
18.Qh5h8 Ke7
19.Qh8h4 f6
20.Qh4xf4 g5
21.Qf4xf6 Kd7
22.Qf6xd6 Kc8
23.Nf3xg5 Qd8xg5
24.e6 Re8e7
25.Rc3f3 Qg5g7
26.Rf3g3 Qg7f8
27.f4 Qf8d8
28.Qd6xd8 Kxd8
29.f5 Kc7
30.f6 Re7xe6
31.f7 Ra8f8
32.Rg3g8 Rf8xf7
33.Rf1xf7 Kb6
34.Rg8b8 Ka6
35.Rf7xb7 c5
36.Rb7b3 Re6b6
37.Rb3a3 Kb5
38.Ra3b3 Kc6
39.Rb8c8 Kd7
40.Rc8xc5 Kd6
41.Rb3c3 Rb6xb2
42.Rc5c6 Ke7
43.Rc6c7 Ke6
44.Rc3c6 Kf5
45.Rc7f7 Kg5
46.Nd2f3 Kh5
47.h3 Rb2xa2
48.Rf7h7 { resign }
1-0

[Event "Match"]
[Site "www.echecsemail.com"]
[Date "2016.12.09"]
[Round "1"]
[White "Mitja"]
[Black "Bojan"]
[WhiteElo "2010"]
[BlackElo "2080"]
[Result "1-0"]
[Round "1"]
1.d4 d5
2.e3 a6
3.a3 Qd8d6
4.h3 Nb8c6
5.c3 Bc8d7
6.Ng1e2 e5
7.dxe5 Nc6xe5
8.Ne2g3 Ng8f6
9.Nb1d2 h6
10.Bf1e2 Qd6c6
11.Nd2f3 Bf8d6
12.Nf3xe5 Bd6xe5
13.Ng3h5 g6
14.Nh5xf6 Be5xf6
15.Be2f3 Bd7e6
16.Qd1d2 Qc6b5
17.b4 a5
18.Bc1b2 Qb5d7
19.Ra1d1 axb4
20.cxb4 O-O
21.O-O Bf6xb2
22.Qd2xb2 c6
23.Rf1e1 Qd7c7
24.Rd1a1 f5
25.Qb2d4 Rf8f7
26.a4 g5
27.Bf3h5 Rf7g7
28.Bh5e2 Be6f7
29.a5 Ra8a6
30.Be2xa6 bxa6
31.Qd4d3 Qc7b7
32.Ra1b1 Bf7g6
33.Qd3d4 f4
34.Rb1b2 Rg7f7
35.exf4 Rf7xf4
36.Qd4c5 Bg6e4
37.Rb2e2 h5
38.f3 Be4g6
39.Re2e7 Qb7a8
40.Re7e6 Bg6f7
41.Re6xc6 Rf4c4
42.Qc5e7 Rc4xc6
43.Qe7xg5 Rc6g6
44.Qg5e5 Qa8c6
45.Qe5b8 Kh7
46.Qb8f4 Qc6c3
47.Qf4xf7 Kh6
48.Qf7f4 Kh7
49.Re1e7 Rg6g7
50.Qf4f5 Kh8
51.Qf5xh5 { resign }
1-0

[Event "1/64 Finale"]
[Site "www.chess-mail.com"]
[Date "2016.12.09"]
[Round "1"]
[White "Sportuga"]
[Black "Norlavuaram"]
[WhiteElo "2270"]
[BlackElo "2250"]
[Result "1-0"]
[Round "1"]
1.e4 e5
2.Ng1f3 Nb8c6
3.d4 exd4
4.c3 d5
5.exd5 Qd8xd5
6.cxd4 Bc8g4
7.Bf1e2 Bf8b4
8.Nb1c3 O-O-O
9.O-O Bb4xc3
10.bxc3 Ng8f6
11.Bc1e3 Nf6e4
12.Qd1c2 Ne4f6
13.c4 Qd5h5
14.Ra1b1 Bg4f5
15.Qc2b2 Nc6a5
16.Nf3e5 Qh5h4
17.Qb2b5 Bf5xb1
18.Rf1xb1 b6
19.Qb5a6 Na5b7
20.Be2f3 Nf6e4
21.Qa6xa7 c5
22.Rb1xb6 Qh4e7
23.Qa7a8 { resign }
1-0

[Event "Tourn. n8997"]
[Site "www.chess-mail.com"]
[Date "2016.12.10"]
[Round "1"]
[White "Cal"]
[Black "Crull"]
[WhiteElo "1670"]
[BlackElo "1740"]
[Result "0-1"]
[Round "1"]
1.c4 Ng8f6
2.Nb1c3 d5
3.cxd5 Nf6xd5
4.e4 Nd5f4
5.d4 Nf4g6
6.h3 e5
7.d5 Bf8d6
8.a3 O-O
9.b4 c5
10.b5 Bc8d7
11.Ng1f3 Qd8a5
12.Bc1d2 Qa5b6
13.a4 a5
14.Bf1e2 Qb6d8
15.O-O b6
16.Nf3h2 f5
17.Be2h5 Ng6e7
18.Bd2g5 g6
19.Bg5h6 Rf8f7
20.exf5 Bd7xf5
21.f4 exf4
22.Bh5f3 Bd6e5
23.Ra1c1 Qd8d6
24.Bf3g4 f3
25.Bg4xf3 Be5xh2
26.Kh1 Nb8d7
27.Qd1d2 Nd7f6
28.Bh6g5 Bh2e5
29.Bg5xf6 Rf7xf6
30.Qd2g5 Ra8f8
31.g4 Bf5d3
32.Rf1f2 Rf6xf3
33.Rf2xf3 Rf8xf3
34.Rc1e1 Rf3f1
35.Re1xf1 Bd3xf1
36.Nc3e4 Qd6xd5
37.Qg5e3 Bf1xh3
38.Qe3f3 Bh3f1
39.Qf3xf1 Qd5xe4
40.Qf1g2 Qe4xa4
41.Qg2e2 Qa4a1
42.Kg2 Ne7d5
43.Qe2c4 Qa1d1
44.Qc4e4 Nd5f4
45.Kg3 Qd1g1
46.Kh4 Be5f6
47.g5 Bf6xg5

0-1

[Event "Tourn. n8932"]
[Site "www.chess-mail.com"]
[Date "2016.12.10"]
[Round "1"]
[White "Manuelito"]
[Black "Jjmcbride"]
[WhiteElo "1499"]
[BlackElo "1370"]
[Result "0-1"]
[Round "1"]
1.d4 d5
2.e3 e6
3.Ng1f3 c5
4.c4 Nb8c6
5.a3 Bf8d6
6.Nb1c3 Ng8h6
7.Bf1e2 f6
8.O-O Nh6f7
9.dxc5 Bd6xc5
10.b4 Bc5d6
11.c5 Bd6e5
12.Bc1b2 b6
13.cxb6 axb6
14.Be2b5 Bc8d7
15.Nf3xe5 Nf7xe5
16.Bb5xc6 Bd7xc6
17.Nc3e2 Ne5f7
18.Ne2f4 Nf7g5
19.Ra1c1 Qd8d6
20.Nf4h5 O-O
21.h4 Bc6e8
22.hxg5 Be8xh5
23.Qd1xh5 f5
24.g6 h6
25.Rc1c2 e5
26.g4 Qd6e6
27.gxf5 Rf8xf5
28.Qh5e2 Rf5g5
29.Kh2 Qe6xg6
30.f4 Rg5h5
31.Qe2xh5 Qg6xh5
32.Kg2 Qh5g4
33.Kf2 exf4
34.exf4 Ra8f8
35.Bb2e5 g5
36.Rf1g1 Qg4h4
37.Ke3 Qh4h3
38.Kd4 Qh3xa3
39.Kxd5 Qa3d3
{ resign }
0-1

[Event "Tourn. n8959"]
[Site "www.chess-mail.com"]
[Date "2016.12.10"]
[Round "1"]
[White "Gimmyg"]
[Black "Squimichele"]
[WhiteElo "2500"]
[BlackElo "2600"]
[Result "1/2-1/2"]
[Round "1"]
1.Ng1f3 Ng8f6
2.g3 g6
3.Bf1g2 Bf8g7
4.O-O O-O
5.d4 d6
6.c4 Nb8d7
7.Nb1c3 e5
8.dxe5 dxe5
9.Bc1e3 c6
10.h3 Qd8e7
11.Qd1b3 Rf8e8
12.Rf1d1 Nd7c5
13.Qb3a3 Bg7f8
14.Qa3a5 Nc5e4
15.Ra1c1 Ne4xc3
16.Rc1xc3 e4
17.Nf3d2 Bf8g7
18.Qa5a3 Bc8e6
19.Qa3xe7 Re8xe7
20.Nd2b3 Nf6d7
21.Rc3c2 f5
22.Nb3d4 Be6f7
23.b3 Nd7f6
24.Rc2d2 Re7e8
25.Be3g5 a5
26.a4 Ra8d8
27.Nd4c2 Rd8xd2
28.Rd1xd2 Bf7e6
29.Bg5e3 Kf7
30.Rd2d1 Bg7f8
31.Be3b6 Re8a8
32.Nc2d4 Nf6d7
33.Bb6c7 Bf8b4
34.g4 Nd7c5
35.Nd4xe6 Kxe6
36.gxf5 gxf5
37.Rd1d6 Kf7
38.h4 Nc5xb3
39.Rd6d7 Kg6
40.Bc7f4 Nb3c5
41.Rd7d6 Kf7
42.Rd6h6 Kg8
43.Bg2h3 Nc5xa4
44.Bh3xf5 Na4c3
45.Kf1 Ra8f8
46.Rh6h5 Kf7
47.Rh5xh7 { draw }
1/2-1/2

[Event "Tourn. n9011"]
[Site "www.chess-mail.com"]
[Date "2016.12.10"]
[Round "1"]
[White "Huw"]
[Black "Joseph1983"]
[WhiteElo "2220"]
[BlackElo "2130"]
[Result "1-0"]
[Round "1"]
1.d4 Ng8f6
2.c4 c5
3.e3 g6
4.Nb1c3 Bf8g7
5.Ng1f3 O-O
6.d5 d6
7.Bf1e2 Nb8d7
8.O-O Nd7b6
9.h3 e6
10.e4 exd5
11.exd5 Rf8e8
12.Bc1g5 Qd8c7
13.Nc3b5 Qc7b8
14.Nf3d2 a6
15.Nb5c3 Nb6d7
16.Rf1e1 b6
17.Qd1c2 Bc8b7
18.Be2d3 Qb8c7
19.Ra1c1 Re8xe1
20.Rc1xe1 Ra8e8
21.Re1xe8 Nf6xe8
22.Nd2e4 f5
23.Ne4g3 Ne8f6
24.Ng3e2 Nd7f8
25.Ne2f4 Bb7c8
26.g3 h6
27.Bg5xf6 Bg7xf6
28.Qc2e2 Kf7
29.g4 Bf6xc3
30.bxc3 Qc7e7
31.gxf5 Qe7xe2
32.fxg6 Nf8xg6
33.Bd3xg6 Kg7
34.Nf4xe2 Kxg6
35.Kg2 Kf6
36.h4 Ke5
37.f3 b5
38.f4 Ke4
39.cxb5 axb5
40.Ne2g3 Kxf4
41.a3 Ke5
42.Kf3 Kxd5
43.Kf4 Kc4
44.Ng3e4 d5
45.Ne4d6 Kxc3
46.Nd6xc8 d4
47.Nc8d6 d3
48.Ke3 Kc2
49.Nd6e4 c4
50.h5 c3
51.Kd4 { resign }
1-0

[Event "Tourn. n9098"]
[Site "www.chess-mail.com"]
[Date "2016.12.10"]
[Round "1"]
[White "Bojan"]
[Black "Norlavuaram"]
[WhiteElo "2060"]
[BlackElo "2250"]
[Result "0-1"]
[Round "1"]
1.e4 e5
2.Ng1f3 Nb8c6
3.d4 exd4
4.Nf3xd4 Bf8c5
5.c3 Qd8f6
6.Bc1e3 Ng8e7
7.Qd1d3 Bc5b6
8.Nb1a3 O-O
9.Na3c4 Nc6e5
10.Nc4xe5 Qf6xe5
11.f4 Qe5f6
12.Bf1e2 d5
13.e5 Qf6g6
14.Qd3xg6 hxg6
15.h4 c5
16.Nd4b3 Ne7f5
17.Be3f2 Nf5h6
18.Nb3xc5 Bc8e6
19.Nc5xe6 Bb6xf2
20.Kxf2 fxe6
21.Kf3 Ra8c8
22.Ra1d1 Nh6f5
23.g4 Nf5e7
24.Be2b5 Ne7c6
25.Rd1d2 Nc6xe5
26.Kg3 Ne5c6
27.Rh1e1 Kf7
28.Rd2e2 Rf8e8
29.Bb5a4 a6
30.Re2e3 b5
31.Ba4d1 Nc6a5
32.b3 Na5b7
33.b4 Nb7d6
34.Re3d3 Nd6e4
35.Kf3 Rc8c7
36.a4 Re8c8
37.Rd3e3 Rc7xc3
38.Re3xc3 Rc8xc3
39.Kg2 Rc3c4
40.axb5 axb5
41.Bd1e2 Rc4xb4
42.Re1c1 Rb4b2
43.Kf3 Rb2b3
44.Kg2 Ne4c3
45.Be2f1 b4
46.Rc1a1 d4
47.Bf1c4 Rb3a3
48.Ra1e1 Nc3d5
49.f5 Nd5e3
50.Kf2 Ne3xc4
51.fxe6 Ke7
52.Re1e4 Ra3d3
53.Ke2 Rd3e3
{ resign }
0-1

[Event "Tourn. n9054"]
[Site "www.chess-mail.com"]
[Date "2016.12.10"]
[Round "1"]
[White "Madz123456"]
[Black "Lachouette"]
[WhiteElo "1420"]
[BlackElo "1509"]
[Result "1-0"]
[Round "1"]
1.e4 e5
2.Ng1f3 d6
3.d4 Bc8g4
4.dxe5 Bg4xf3
5.Qd1xf3 dxe5
6.Qf3b3 b6
7.Bf1c4 Qd8d7
8.Nb1c3 Nb8c6
9.Bc4b5 a6
10.Qb3a4 Ng8e7
11.Bc1e3 g6
12.Ra1d1 Qd7g4
13.Bb5xc6 Ne7xc6
14.Qa4xc6 Ke7
15.Nc3d5 Kd8
16.Qc6xc7 Ke8
17.Nd5f6 { resign }
1-0

[Event "Tourn. n9085"]
[Site "www.chess-mail.com"]
[Date "2016.12.10"]
[Round "1"]
[White "Manuelito"]
[Black "Urbe69"]
[WhiteElo "1710"]
[BlackElo "1729"]
[Result "1/2-1/2"]
[Round "1"]
1.d4 e6
2.e3 f5
3.Ng1f3 Ng8f6
4.c4 Bf8b4
5.Bc1d2 Bb4xd2
6.Qd1xd2 O-O
7.Nb1c3 d6
8.Bf1e2 b6
9.O-O Bc8b7
10.Ra1c1 Nf6e4
11.Nc3xe4 fxe4
12.Nf3e1 d5
13.cxd5 exd5
14.f3 Nb8d7
15.f4 Ra8c8
16.g3 c5
17.Ne1g2 Rf8f6
18.dxc5 Rc8xc5
19.a3 Rc5xc1
20.Rf1xc1 Nd7c5
{ draw }
1/2-1/2

[Event "Tourn. n8992"]
[Site "www.chess-mail.com"]
[Date "2016.12.10"]
[Round "1"]
[White "Frisker"]
[Black "Greghghs"]
[WhiteElo "2340"]
[BlackElo "2310"]
[Result "0-1"]
[Round "1"]
1.d4 Ng8f6
2.Ng1f3 c5
3.d5 b5
4.a4 Bc8b7
5.axb5 Nf6xd5
6.Bc1d2 Nd5b6
7.e3 e6
8.Bd2c3 a6
9.b3 axb5
10.Ra1xa8 Bb7xa8
11.Bf1xb5 Ba8c6
12.Nb1a3 Nb6d5
13.Bc3d2 Nd5c7
14.Bd2a5 Qd8c8
15.Bb5xc6 Nb8xc6
16.Ba5c3 Qc8a6
17.Qd1a1 f6
18.g4 Nc6b4
19.Kd2 Bf8e7
20.Bc3b2 O-O
21.Qa1g1 d5
22.h4 c4
23.g5 c3
24.Kxc3 Qa6e2
{ resign }
0-1